000 00696nam a2200229Ia 4500
003 OSt
005 20220923212703.0
006 a|||||r|||| 00| 0
007 ta
008 220922b |||||||| |||| 00| 0 hin d
024 _a155,274
037 _cTextual
040 _aARTS
_cARTS
_bhin
041 _2hin
_ahin
082 _aO15:1D40:9, 152L0
100 _aशर्मा, देवीदत्त
245 0 _aकालीदास की कला और संस्कृति
246 _aKālīdās kī kalā aur sanskṛuti
260 _c1970
942 _hO15:1D40:9, 152L0
_cTEXL
_2CC
999 _c310825
_d310825